000 01233nam a2200313 i 4500
001 194580
003 SpMaBN
005 20260216183914.0
008 241001s2023 sp | |||| 000 0 spa
017 _aCC 0096-2022
_bOficina Depósito Legal Cáceres
020 _a9788412512571
040 _aSpMaBN
_bspa
_cSpMaBN
_erda
_dES-MaACL
100 1 _aRamos Rubio, José Antonio,
_d1963-
_eaut
_9174430
245 1 _aMiguel Sansón :
_breflexiones de un artista /
_cJosé Antonio Ramos Rubio, Rosa Perales Piqueres.
260 _aCáceres :
_bTau Editores,
_c2022
300 _a120 páginas ;
_c23 cm
336 _aTexto
_2rdacontent
337 _asin mediación
_2rdamedia
338 _avolumen
_2rdacarrier
600 1 7 _2embne
_9238996
_aSansón, Miguel,
_d1961-
655 0 _aBiografías
_9176647
700 _aPerales Piqueres, Rosa
_eaut
_9238707
852 _aES-MaACL
_cDEPOJ
_jN-8678
_xEncuadernación rústica con solapas
_hDonación: José Antonio Ramos Rubio
_bR.153370
_9204194
903 _aRamos Rubio, José Antonio,
_d1963-
_ednr
_9174430
942 _cMONOGRAFIA
_n0
999 _c194580
_d194580